[Event "4NCL Division 1b"]
[Site "Daventry, ENG"]
[Date "2018.11.10"]
[Round "1.56"]
[White "Bremner, Adam"]
[Black "Bulmaga, Irina"]
[Result "0-1"]
[WhiteElo "2210"]
[BlackElo "2386"]
[PlyCount "124"]
[EventDate "2018.11.10"]
[WhiteTeam "Grantham Sharks 1"]
[BlackTeam "Chess.com Manx Liberty 1"]

1. d4 Nf6 2. c4 e6 3. Nf3 b6 4. g3 Ba6 5. Qc2 Bb4+ 6. Bd2 Bxd2+ 7. Nbxd2 d5 8.
cxd5 exd5 9. Rc1 c6 10. Ne5 O-O 11. e3 Bxf1 12. Kxf1 Re8 13. Kg2 c5 14. Rhd1 c4
15. Qf5 Nbd7 16. Nxd7 Qxd7 17. Qxd7 Nxd7 18. e4 b5 19. e5 Nb6 20. f4 Na4 21.
Rc2 b4 22. Nf1 a5 23. Ne3 Red8 24. Rdc1 h6 25. g4 Rab8 26. b3 cxb3 27. axb3 Nc3
28. Nf5 Kf8 29. Kf3 Rdc8 30. Ne3 Rd8 31. Nf5 Ra8 32. Rb2 Rdc8 33. Ne3 Rd8 34.
Nf5 a4 35. bxa4 Rxa4 36. Rb3 Rda8 37. Kg2 Ra2+ 38. Kh3 R2a3 39. Rxa3 bxa3 40.
Rxc3 a2 41. Rc1 a1=Q 42. Rxa1 Rxa1 43. Kg3 Ra4 44. Kf3 g6 45. Nxh6 Rxd4 46. h4
Rd3+ 47. Ke2 Rh3 48. h5 gxh5 49. gxh5 Rxh5 50. Ng4 Ke7 51. Nf6 Rh2+ 52. Ke3 Ke6
53. Ne8 Kd7 54. Nf6+ Kc6 55. f5 Rh3+ 56. Kf4 d4 57. e6 fxe6 58. fxe6 Re3 59.
Ne4 Kd5 60. Ng5 Re5 61. Kg4 d3 62. Nh3 d2 0-1

[Event "4NCL Division 1b"]
[Site "Daventry, ENG"]
[Date "2018.11.10"]
[Round "1.58"]
[White "Makkar, Rajat"]
[Black "Kolbus, Dietmar"]
[Result "1/2-1/2"]
[WhiteElo "2173"]
[BlackElo "2305"]
[PlyCount "76"]
[EventDate "2018.11.10"]
[WhiteTeam "Grantham Sharks 1"]
[BlackTeam "Chess.com Manx Liberty 1"]

1. d4 Nf6 2. c4 g6 3. g3 Bg7 4. Bg2 d5 5. cxd5 Nxd5 6. Nf3 Nb6 7. O-O Nc6 8. e3
O-O 9. Nc3 e5 10. d5 Na5 11. e4 c6 12. dxc6 Nxc6 13. b3 Bg4 14. Ba3 Qxd1 15.
Raxd1 Rfd8 16. h3 Bxf3 17. Bxf3 Nd4 18. Kg2 Bf8 19. Bxf8 Kxf8 20. Rd3 Ke7 21.
Rfd1 h5 22. Ne2 Nc6 23. a3 Rxd3 24. Rxd3 Rd8 25. Rxd8 Kxd8 26. Nc3 Nd4 27. Bd1
Ke7 28. f4 Kd6 29. Kf2 a5 30. Ne2 Nb5 31. a4 Nc7 32. Nc1 Na6 33. Nd3 Nd7 34.
Ke3 Nac5 35. Bc2 Ne6 36. Bd1 Nec5 37. Bc2 Ne6 38. Bd1 Nec5 1/2-1/2

[Event "4NCL Division 1b"]
[Site "Daventry, ENG"]
[Date "2018.11.10"]
[Round "1.61"]
[White "Ris, Robert"]
[Black "Howell, David W L"]
[Result "1/2-1/2"]
[WhiteElo "2450"]
[BlackElo "2697"]
[PlyCount "58"]
[EventDate "2018.11.10"]
[WhiteTeam "Guildford 2"]
[BlackTeam "Cheddleton 1"]

1. e4 e5 2. Nf3 Nc6 3. d4 exd4 4. Nxd4 Bc5 5. Nb3 Bb6 6. Nc3 Nf6 7. Qe2 O-O 8.
Bg5 Nd4 9. Qd2 Nxb3 10. axb3 h6 11. Be3 Bxe3 12. Qxe3 d5 13. O-O-O c6 14. exd5
Nxd5 15. Nxd5 cxd5 16. Rd4 Be6 17. Bd3 Re8 18. Qd2 Qb6 19. g4 a5 20. h4 Bd7 21.
Qf4 Bb5 22. Bxb5 Qxb5 23. Kb1 Rac8 24. Rhd1 Re2 25. Rxd5 Rcxc2 26. Rxb5 Rxb2+
27. Ka1 Ra2+ 28. Kb1 Reb2+ 29. Kc1 Rc2+ 1/2-1/2

[Event "4NCL Division 1b"]
[Site "Daventry, ENG"]
[Date "2018.11.10"]
[Round "1.62"]
[White "Hawkins, Jonathan"]
[Black "Suarez Real, Alberto"]
[Result "1-0"]
[WhiteElo "2579"]
[BlackElo "2438"]
[PlyCount "69"]
[EventDate "2018.11.10"]
[WhiteTeam "Cheddleton 1"]
[BlackTeam "Guildford 2"]

1. d4 Nf6 2. c4 g6 3. Nc3 Bg7 4. Nf3 O-O 5. g3 d5 6. cxd5 Nxd5 7. Bg2 c5 8. O-O
cxd4 9. Nxd4 Nxc3 10. bxc3 Nc6 11. Be3 Bd7 12. Rb1 Qc7 13. Qb3 b6 14. Qa3 Bf6
15. Rfd1 Rad8 16. Nb5 Qc8 17. Nxa7 Nxa7 18. Qxa7 Bf5 19. Rxd8 Rxd8 20. Rc1 b5
21. Qa5 Be6 22. Bb7 Qd7 23. Bc6 Qxc6 24. Qxd8+ Kg7 25. Qd2 h5 26. Bd4 h4 27.
Qf4 h3 28. e4 Bxa2 29. g4 Bc4 30. g5 Bxd4 31. cxd4 Qd7 32. d5 Qd6 33. Qxd6 exd6
34. Rc3 f6 35. f4 1-0

[Event "4NCL Division 1b"]
[Site "Daventry, ENG"]
[Date "2018.11.10"]
[Round "1.63"]
[White "Wadsworth, Matthew J"]
[Black "Fodor, Tamas Jr"]
[Result "1/2-1/2"]
[WhiteElo "2350"]
[BlackElo "2520"]
[PlyCount "138"]
[EventDate "2018.11.10"]
[WhiteTeam "Guildford 2"]
[BlackTeam "Cheddleton 1"]

1. Nf3 d5 2. c4 d4 3. g3 Nc6 4. Bg2 e5 5. d3 Bd6 6. O-O Nf6 7. e3 O-O 8. exd4
exd4 9. Na3 Re8 10. Nb5 Bg4 11. Nxd6 Qxd6 12. h3 Bh5 13. Bf4 Qd8 14. g4 Bg6 15.
Nh4 Nd7 16. Nxg6 hxg6 17. b4 Nxb4 18. Qb1 Qf6 19. Bxc7 Na6 20. Qxb7 Ndc5 21.
Qb5 Nxd3 22. Bg3 Rad8 23. g5 Qe6 24. Bd5 Qb6 25. Qxb6 axb6 26. Rfd1 Ndb4 27.
Rxd4 Nc2 28. Rad1 Nxd4 29. Rxd4 Nb4 30. a3 Nxd5 31. cxd5 Rd7 32. a4 Ra8 33. d6
f6 34. h4 Kf7 35. Rb4 Ra6 36. Kg2 Ke6 37. Kf3 f5 38. Rb5 Rda7 39. Bf4 Kd7 40.
Rb1 Rb7 41. Rb4 Ra5 42. Rc4 Rc5 43. Rb4 Kc6 44. Rd4 Ra7 45. Rb4 Ra6 46. Rd4 Kd7
47. Rb4 Rc3+ 48. Kg2 Ra3 49. a5 R3xa5 50. Rb1 Ra4 51. Kg3 Re4 52. f3 Re2 53.
Rb3 Re8 54. Rb2 Re1 55. Rb3 Re2 56. Rb1 Ke6 57. Rb3 Raa2 58. Rxb6 Rh2 59. d7+
Kxd7 60. Bc1 Rag2+ 61. Kf4 Rh1 62. Rxg6 Rxc1 63. Rxg7+ Ke6 64. Rg6+ Ke7 65. h5
Rc5 66. h6 Rh2 67. Rg7+ Kf8 68. Ra7 Kg8 69. Ra8+ Kh7 1/2-1/2

[Event "4NCL Division 1b"]
[Site "Daventry, ENG"]
[Date "2018.11.10"]
[Round "1.64"]
[White "Arkell, Keith C"]
[Black "Milliet, Sophie"]
[Result "1/2-1/2"]
[WhiteElo "2443"]
[BlackElo "2371"]
[PlyCount "162"]
[EventDate "2018.11.10"]
[WhiteTeam "Cheddleton 1"]
[BlackTeam "Guildford 2"]

1. d4 Nf6 2. Nf3 g6 3. c4 Bg7 4. g3 O-O 5. Bg2 d6 6. Nc3 Nbd7 7. O-O e5 8. e4
c6 9. h3 Qb6 10. Re1 exd4 11. Nxd4 Re8 12. Nc2 Qa5 13. Bd2 Qc7 14. Be3 b6 15.
Rc1 Bb7 16. Qd2 Rad8 17. Rcd1 Ne5 18. b3 Qc8 19. Bh6 d5 20. Bxg7 Kxg7 21. f4
Nf3+ 22. Bxf3 dxe4 23. Bg4 Rxd2 24. Bxc8 Rxc2 25. Bxb7 Rxc3 26. Bxc6 Re7 27.
Kf2 Rf3+ 28. Kg2 Nh5 29. Rxe4 Rxg3+ 30. Kf2 Rxe4 31. Bxe4 Rxh3 32. Bf3 Rh2+ 33.
Ke3 Rxa2 34. Bxh5 gxh5 35. b4 Rb2 36. b5 Ra2 37. Rd5 h4 38. Rh5 h3 39. Ke4 h2
40. Rh3 Kg6 41. Rh4 h5 42. Rh3 f6 43. Rg3+ Kh6 44. Rh3 Rc2 45. Kd3 Rg2 46. Ke4
Kg6 47. Rh4 Re2+ 48. Kd3 Re7 49. Rxh2 Rh7 50. Rh4 Kf5 51. Ke3 Ke6 52. Ke4 f5+
53. Kd4 Kd6 54. Kc3 Rh8 55. Kd4 Rh6 56. Kc3 Rh7 57. Kd4 Ke6 58. Ke3 Kf6 59. Kd4
Rd7+ 60. Ke3 Kg6 61. Rh1 Re7+ 62. Kd3 Re4 63. Rh4 Re1 64. Rh2 Re4 65. Rh4 Kf6
66. Kc3 Kg6 67. Kd3 Re1 68. Rh2 Rd1+ 69. Ke3 Rd7 70. Rg2+ Kf6 71. Rh2 Rh7 72.
Rh4 Kg6 73. Kd4 Re7 74. Kd3 Re4 75. Kc3 Kh6 76. Kd3 Kg6 77. Kc3 Re3+ 78. Kd4
Re1 79. Kd3 Rf1 80. Ke3 Rc1 81. Kd4 Re1 1/2-1/2

[Event "4NCL Division 1b"]
[Site "Daventry, ENG"]
[Date "2018.11.10"]
[Round "1.65"]
[White "Kilpatrick, Callum"]
[Black "Kirk, Ezra"]
[Result "0-1"]
[WhiteElo "2353"]
[BlackElo "2439"]
[PlyCount "80"]
[EventDate "2018.11.10"]
[WhiteTeam "Guildford 2"]
[BlackTeam "Cheddleton 1"]

1. e4 c5 2. Nf3 Nc6 3. Bb5 g6 4. Bxc6 dxc6 5. d3 Bg7 6. h3 Nf6 7. Nc3 Nd7 8.
Be3 e5 9. O-O b6 10. a3 Qe7 11. Nd2 O-O 12. f4 exf4 13. Bxf4 Ne5 14. Nf3 Nxf3+
15. Qxf3 c4 16. dxc4 Be6 17. b3 b5 18. Kh1 bxc4 19. b4 a5 20. Rad1 Rfd8 21.
Rxd8+ Rxd8 22. bxa5 Qxa3 23. Bg5 Re8 24. Bf6 Bxf6 25. Qxf6 Qxa5 26. Rd1 h6 27.
Kh2 Ra8 28. Ne2 Qg5 29. Qxg5 hxg5 30. Rd2 c5 31. Kg3 Kg7 32. Kf2 Kf6 33. Ng1
Ra2 34. Nf3 c3 35. e5+ Ke7 36. Re2 Bc4 37. Re3 Rxc2+ 38. Kg3 Bf1 39. Ne1 Re2
40. Kf3 c2 0-1

[Event "4NCL Division 1b"]
[Site "Daventry, ENG"]
[Date "2018.11.10"]
[Round "1.66"]
[White "Eggleston, David J"]
[Black "Golding, Alex"]
[Result "1-0"]
[WhiteElo "2408"]
[BlackElo "2263"]
[PlyCount "124"]
[EventDate "2018.11.10"]
[WhiteTeam "Cheddleton 1"]
[BlackTeam "Guildford 2"]

1. e4 e5 2. Nf3 Nc6 3. Bc4 Bc5 4. c3 Nf6 5. d3 O-O 6. b4 Bb6 7. a4 a6 8. O-O h6
9. h3 d6 10. Nbd2 Ne7 11. a5 Ba7 12. Re1 Ng6 13. Nf1 Re8 14. Ng3 c6 15. Bb3 d5
16. Bb2 Qc7 17. c4 dxe4 18. dxe4 c5 19. b5 b6 20. axb6 Bxb6 21. Nf5 Bb7 22. Qc2
axb5 23. Rxa8 Bxa8 24. cxb5 c4 25. Qxc4 Qxc4 26. Bxc4 Nxe4 27. Rxe4 Bxe4 28.
Nd6 Bxf3 29. Bxf7+ Kf8 30. Bxe8 Nf4 31. gxf3 Nxh3+ 32. Kf1 Nxf2 33. Bg6 Nd1 34.
Bxe5 Ne3+ 35. Ke2 Nd5 36. Nf5 Nc7 37. Bxg7+ Kg8 38. Bd4 Ba5 39. Nxh6+ Kf8 40.
b6 Ne6 41. Be3 Bxb6 42. Bxb6 Nf4+ 43. Kf2 Nxg6 44. Kg3 Kg7 45. Ng4 Ne7 46. Ne3
Kf7 47. Bc5 Nc6 48. Kf4 Ke6 49. Ke4 Ne5 50. f4 Nd7 51. Bd4 Ke7 52. Ng4 Ke6 53.
f5+ Kd6 54. Be5+ Ke7 55. Kf4 Nc5 56. Nf2 Kf7 57. Bd4 Nd7 58. Ng4 Ke7 59. Kg5
Kd6 60. Kg6 Ke7 61. Kg7 Kd6 62. Ne5 Nb8 1-0

[Event "4NCL Division 1b"]
[Site "Daventry, ENG"]
[Date "2018.11.10"]
[Round "1.71"]
[White "Gormally, Daniel W"]
[Black "Pakleza, Zbigniew"]
[Result "1/2-1/2"]
[WhiteElo "2483"]
[BlackElo "2508"]
[PlyCount "39"]
[EventDate "2018.11.10"]
[WhiteTeam "Blackthorne Russia"]
[BlackTeam "Celtic Tigers 1"]

1. e4 d6 2. d4 Nf6 3. Nc3 e5 4. dxe5 dxe5 5. Qxd8+ Kxd8 6. Nf3 Bd6 7. Be3 Ke7
8. a3 Be6 9. Ng5 h6 10. Nxe6 fxe6 11. f3 a6 12. Na4 Nfd7 13. b4 b5 14. Nc5 Bxc5
15. bxc5 Nc6 16. O-O-O Na5 17. Bd2 Nc6 18. Be3 Na5 19. Bd2 Nc6 20. Be3 1/2-1/2

[Event "4NCL Division 1b"]
[Site "Daventry, ENG"]
[Date "2018.11.10"]
[Round "1.73"]
[White "Bates, Richard A"]
[Black "Kulon, Klaudia"]
[Result "0-1"]
[WhiteElo "2378"]
[BlackElo "2327"]
[PlyCount "80"]
[EventDate "2018.11.10"]
[WhiteTeam "Blackthorne Russia"]
[BlackTeam "Celtic Tigers 1"]

1. d4 Nf6 2. Nf3 g6 3. g3 Bg7 4. Bg2 O-O 5. O-O d6 6. c4 Nc6 7. Nc3 e5 8. d5
Nb8 9. e4 a5 10. Ne1 Na6 11. Nd3 Nd7 12. Be3 f5 13. Qd2 Nf6 14. f3 b6 15. Kh1
Nc5 16. exf5 gxf5 17. Rae1 Bd7 18. b3 Qe8 19. Bxc5 bxc5 20. Nf4 Qf7 21. Ne6
Bxe6 22. dxe6 Qxe6 23. g4 Rac8 24. f4 fxg4 25. fxe5 dxe5 26. Qg5 e4 27. Qxc5
Kh8 28. Qxa5 c5 29. Nxe4 Nxe4 30. Rxf8+ Rxf8 31. Bxe4 Re8 32. Qxc5 Bc3 33. Qh5
Re7 34. Re2 Qf6 35. Bf5 Qd4 36. Bxg4 Qf4 37. Kg2 Bd4 38. Bf3 Be5 39. Bd5 Rg7+
40. Kh3 Rg3+ 0-1

[Event "4NCL Division 1b"]
[Site "Daventry, ENG"]
[Date "2018.11.10"]
[Round "1.74"]
[White "Skulte, Christopher"]
[Black "Ledger, Andrew J"]
[Result "0-1"]
[WhiteElo "2110"]
[BlackElo "2348"]
[PlyCount "82"]
[EventDate "2018.11.10"]
[WhiteTeam "Celtic Tigers 1"]
[BlackTeam "Blackthorne Russia"]

1. e4 e6 2. d4 d5 3. Nd2 c5 4. exd5 Qxd5 5. Ngf3 cxd4 6. Bc4 Qd6 7. Qe2 Nf6 8.
Nb3 Nc6 9. Bg5 Qb4+ 10. Bd2 Qb6 11. O-O-O Bd7 12. Bg5 Be7 13. Nbxd4 O-O 14. Rd2
a6 15. Nb3 Rfd8 16. Rhd1 Qc7 17. Kb1 Rac8 18. Bd3 Be8 19. c3 g6 20. g3 b5 21.
Nfd4 Nxd4 22. Nxd4 Nd5 23. Bxe7 Qxe7 24. f4 Rxc3 25. Bc2 Rc7 26. Nf3 Rdc8 27.
Bb3 Nb4 28. Ne5 a5 29. a3 a4 30. Bxe6 Qxe6 31. axb4 a3 32. Rd5 a2+ 33. Kxa2 f6
34. f5 Ra7+ 35. Kb3 Qa6 36. Rc5 Qa4+ 37. Kc3 Rxc5+ 38. bxc5 fxe5 39. Qxe5 b4+
40. Kd2 Rd7+ 41. Ke3 Rxd1 0-1

[Event "4NCL Division 1b"]
[Site "Daventry, ENG"]
[Date "2018.11.10"]
[Round "1.77"]
[White "Nelson, Jonathan P"]
[Black "Quinn, John M"]
[Result "1/2-1/2"]
[WhiteElo "2190"]
[BlackElo "2163"]
[PlyCount "108"]
[EventDate "2018.11.10"]
[WhiteTeam "Blackthorne Russia"]
[BlackTeam "Celtic Tigers 1"]

1. e4 c5 2. g3 Nc6 3. Bg2 g6 4. d3 Bg7 5. f4 d6 6. Nf3 e6 7. O-O Nge7 8. c3 O-O
9. Be3 b6 10. a4 Ba6 11. Na3 Rc8 12. Nb5 Qd7 13. Re1 Rfd8 14. Bf2 d5 15. e5 d4
16. Nd6 Rc7 17. cxd4 cxd4 18. Qd2 Nf5 19. b4 Nxd6 20. exd6 Qxd6 21. b5 Na5 22.
bxa6 Nb3 23. Qb2 Nxa1 24. Qxa1 Rc3 25. Nd2 Rxd3 26. Nc4 Qb4 27. Bf1 Rb3 28. f5
gxf5 29. Qc1 Rc3 30. Qg5 f6 31. Qf4 Rxc4 32. Bd3 Rc3 33. Bb1 Ra3 34. Qc7 Qd6
35. Qxa7 Rxa4 36. Bc2 Ra3 37. Qb7 Rd7 38. Qc8+ Kf7 39. Bxf5 Re7 40. Bg4 Bh6 41.
Qh8 Kg6 42. Qg8+ Bg7 43. Rxe6 Ra1+ 44. Kg2 Qd5+ 45. Kh3 Rxe6 46. Bxe6 Qh5+ 47.
Kg2 Qe2 48. Bc4 d3 49. Bxd3+ Qxd3 50. Qe8+ Kf5 51. Qh5+ Ke6 52. Qe8+ Kf5 53.
Qh5+ Ke6 54. Qe8+ Kf5 1/2-1/2

[Event "4NCL Division 1b"]
[Site "Daventry, ENG"]
[Date "2018.11.10"]
[Round "1.81"]
[White "Derakhshani, Borna"]
[Black "Gordon, Stephen J"]
[Result "0-1"]
[WhiteElo "2324"]
[BlackElo "2544"]
[PlyCount "76"]
[EventDate "2018.11.10"]
[WhiteTeam "Wood Green Monarchs"]
[BlackTeam "3Cs 1"]

1. d4 Nf6 2. Bf4 d5 3. e3 c5 4. c3 Nc6 5. Bd3 Qb6 6. Qc1 Nh5 7. Bg5 h6 8. Bh4
g5 9. Bg3 Nxg3 10. hxg3 e5 11. Ne2 Bg4 12. dxc5 Bxc5 13. b4 Be7 14. a4 Rc8 15.
Qb2 e4 16. Bb5 O-O 17. Bxc6 bxc6 18. O-O c5 19. b5 Bf6 20. Ra2 Kg7 21. a5 Qe6
22. Qd2 h5 23. Na3 Bxe2 24. Qxe2 Bxc3 25. Qxh5 Qf5 26. f4 exf3 27. Rxf3 Qg6 28.
Qg4 f5 29. Qa4 Qe6 30. b6 g4 31. Rff2 axb6 32. axb6 Be5 33. Qa7+ Rf7 34. b7 Rh8
35. Qxc5 Rc7 36. b8=Q Rg8 37. Qc8 Rgxc8 38. Qa5 Rb8 0-1

[Event "4NCL Division 1b"]
[Site "Daventry, ENG"]
[Date "2018.11.10"]
[Round "1.82"]
[White "Guichard, Pauline"]
[Black "Stewart, Ashley"]
[Result "1-0"]
[WhiteElo "2382"]
[BlackElo "2166"]
[PlyCount "117"]
[EventDate "2018.11.10"]
[WhiteTeam "3Cs 1"]
[BlackTeam "Wood Green Monarchs"]

1. d4 Nf6 2. Nf3 g6 3. Bg5 Bg7 4. Nbd2 d5 5. e3 c5 6. Bb5+ Bd7 7. Qe2 Qb6 8. a4
O-O 9. O-O Nc6 10. Nb3 cxd4 11. exd4 Bg4 12. Rfd1 Ne4 13. Be3 Nd6 14. Bd3 Nb4
15. a5 Qd8 16. Bf4 Nxd3 17. Rxd3 Nc4 18. Ra2 Re8 19. h3 Bf5 20. Rd1 Rc8 21. c3
h6 22. Re1 Qd7 23. Nc5 Qc6 24. Ne5 Nxe5 25. Bxe5 f6 26. Bf4 e5 27. Be3 Bf8 28.
g4 Bd7 29. b4 exd4 30. cxd4 Kh7 31. Qf3 Bg7 32. Rc1 b6 33. axb6 axb6 34. Nxd7
Qxd7 35. Rca1 Qc6 36. Ra7 Red8 37. Qf4 Rd7 38. R1a6 Rxa7 39. Rxa7 Kg8 40. h4
Qe6 41. b5 Rc3 42. Ra8+ Kh7 43. Rb8 Rb3 44. g5 fxg5 45. hxg5 h5 46. Kh2 Rxb5
47. Rb7 Qe4 48. Qxe4 dxe4 49. Kg3 Kg8 50. Kf4 Bf8 51. Kxe4 Bd6 52. Rd7 Bh2 53.
f4 Rb3 54. d5 h4 55. d6 Rb4+ 56. Ke5 Rb3 57. Bd4 Rb5+ 58. Ke6 Bxf4 59. Rd8+ 1-0

[Event "4NCL Division 1b"]
[Site "Daventry, ENG"]
[Date "2018.11.10"]
[Round "1.83"]
[White "Willow, Jonah B"]
[Black "Ashton, Adam G"]
[Result "1/2-1/2"]
[WhiteElo "2224"]
[BlackElo "2332"]
[PlyCount "86"]
[EventDate "2018.11.10"]
[WhiteTeam "Wood Green Monarchs"]
[BlackTeam "3Cs 1"]

1. e4 e5 2. Nf3 Nc6 3. Nc3 Nf6 4. Bb5 Bb4 5. O-O O-O 6. d3 Bxc3 7. bxc3 d6 8.
Bg5 Qe7 9. Re1 a6 10. Bc4 Na5 11. Bd5 c6 12. Bb3 h6 13. Bd2 Nxb3 14. axb3 Be6
15. c4 Nd7 16. Bc3 Bg4 17. h3 Bh5 18. d4 Rad8 19. b4 Bxf3 20. Qxf3 exd4 21.
Bxd4 c5 22. Bc3 Ne5 23. Bxe5 dxe5 24. b5 Qe6 25. Ra4 axb5 26. cxb5 Rd4 27. Rea1
Rfd8 28. Qa3 b6 29. Ra8 Kh7 30. Rxd8 Rxd8 31. Qf3 Rd7 32. Ra6 g6 33. h4 h5 34.
Kh2 Kg7 35. c3 Rd2 36. Ra8 c4 37. Qe3 Rd3 38. Qg5 Rd7 39. Rc8 Rd6 40. Rc7 Rd3
41. Rc6 Rd6 42. Rc7 Rd3 43. Rc6 Rd6 1/2-1/2

[Event "4NCL Division 1b"]
[Site "Daventry, ENG"]
[Date "2018.11.10"]
[Round "1.84"]
[White "Abbas, Daniel"]
[Black "Sygnowski, Tomasz"]
[Result "1-0"]
[WhiteElo "2281"]
[BlackElo "2153"]
[PlyCount "83"]
[EventDate "2018.11.10"]
[WhiteTeam "3Cs 1"]
[BlackTeam "Wood Green Monarchs"]

1. e4 e6 2. d4 d5 3. Nd2 c5 4. exd5 exd5 5. Ngf3 Nf6 6. Bb5+ Nc6 7. O-O Be7 8.
dxc5 O-O 9. Nb3 Bg4 10. h3 Bh5 11. Be3 Qc7 12. Be2 Rfd8 13. Nfd4 Bg6 14. Nb5
Qd7 15. Bf4 Ne4 16. Bg4 Bf5 17. Bf3 Nxc5 18. Nc7 Rac8 19. Nxd5 Nxb3 20. axb3
Bc5 21. Bg5 Nd4 22. Bxd8 Bxc2 23. Qd2 Rxd8 24. Rac1 Qf5 25. Rxc2 Nxf3+ 26. gxf3
Qxd5 27. Qxd5 Rxd5 28. b4 Bb6 29. Rc8+ Bd8 30. Ra1 g6 31. Rxa7 Kg7 32. Rxb7 Bh4
33. Rcc7 Rf5 34. Kg2 Rg5+ 35. Kf1 Rf5 36. Ke2 Re5+ 37. Kf1 Rf5 38. Rc3 Rd5 39.
Rbc7 Bf6 40. Rb3 Bd8 41. Rc5 Rd2 42. Ke1 1-0

[Event "4NCL Division 1b"]
[Site "Daventry, ENG"]
[Date "2018.11.10"]
[Round "1.88"]
[White "Adams, Philip"]
[Black "Woodhouse, Stephen V"]
[Result "1/2-1/2"]
[WhiteElo "2095"]
[BlackElo "1863"]
[PlyCount "43"]
[EventDate "2018.11.10"]
[WhiteTeam "3Cs 1"]
[BlackTeam "Wood Green Monarchs"]

1. Nf3 e6 2. g3 f5 3. Bg2 Nf6 4. c4 Be7 5. Nc3 O-O 6. O-O d6 7. d3 Nc6 8. Rb1
a5 9. a3 Bd7 10. b4 axb4 11. axb4 Qe8 12. b5 Nd8 13. Bd2 e5 14. e3 Ne6 15. Qc2
Qh5 16. Nd5 Bd8 17. Ra1 Rxa1 18. Rxa1 g5 19. Bc3 f4 20. exf4 gxf4 21. Nxf6+
Bxf6 22. Ra7 1/2-1/2

[Event "4NCL Division 1b"]
[Site "Daventry, ENG"]
[Date "2018.11.11"]
[Round "2.51"]
[White "Pakleza, Zbigniew"]
[Black "Erdos, Viktor"]
[Result "1/2-1/2"]
[WhiteElo "2508"]
[BlackElo "2604"]
[PlyCount "66"]
[EventDate "2018.11.11"]
[WhiteTeam "Celtic Tigers 1"]
[BlackTeam "Chess.com Manx Liberty 1"]

1. d4 Nf6 2. Nf3 g6 3. e3 c5 4. d5 Bg7 5. c4 e6 6. Nc3 d6 7. Be2 O-O 8. O-O
exd5 9. cxd5 Bg4 10. Nd2 Bxe2 11. Qxe2 Nbd7 12. a4 Re8 13. a5 a6 14. Nc4 b5 15.
axb6 Nxb6 16. Rd1 Nxc4 17. Qxc4 Qb6 18. h3 Qb4 19. Qe2 Qb7 20. e4 Nxe4 21. Nxe4
Qb4 22. Re1 f5 23. Rxa6 Qxe4 24. Qxe4 fxe4 25. Rxd6 Red8 26. Rxd8+ Rxd8 27.
Rxe4 Rxd5 28. Kf1 Rd1+ 29. Re1 Rd7 30. Be3 Bxb2 31. Bxc5 h5 32. Re4 Kf7 33. Ke2
Bf6 1/2-1/2

[Event "4NCL Division 1b"]
[Site "Daventry, ENG"]
[Date "2018.11.11"]
[Round "2.52"]
[White "Lupulescu, Constantin"]
[Black "Szczepkowska, Karina"]
[Result "1-0"]
[WhiteElo "2601"]
[BlackElo "2404"]
[PlyCount "77"]
[EventDate "2018.11.11"]
[WhiteTeam "Chess.com Manx Liberty 1"]
[BlackTeam "Celtic Tigers 1"]

1. d4 Nf6 2. c4 e6 3. Nf3 Bb4+ 4. Bd2 Qe7 5. g3 Bxd2+ 6. Qxd2 Nc6 7. b3 d5 8.
Bg2 O-O 9. O-O dxc4 10. bxc4 Rd8 11. Qb2 Nd7 12. Nbd2 e5 13. d5 Na5 14. Qc3 b6
15. Nb3 Nb7 16. Nfd2 Re8 17. f4 exf4 18. Rxf4 Nd6 19. Nd4 Qe3+ 20. Qxe3 Rxe3
21. Nb5 Nxb5 22. cxb5 Bb7 23. Rc1 Nf6 24. Rxc7 Rxe2 25. Rd4 Rb8 26. Kf1 Re5 27.
d6 Bxg2+ 28. Kxg2 Rd8 29. a4 h5 30. Nc4 Re2+ 31. Kf3 Re6 32. Rxa7 Nd7 33. Re4
Rf6+ 34. Kg2 Nc5 35. Rf4 Rxf4 36. gxf4 g6 37. Rc7 Nxa4 38. d7 Kf8 39. Ne5 1-0

[Event "4NCL Division 1b"]
[Site "Daventry, ENG"]
[Date "2018.11.11"]
[Round "2.53"]
[White "Kulon, Klaudia"]
[Black "Parligras, Mircea-Emilian"]
[Result "0-1"]
[WhiteElo "2327"]
[BlackElo "2645"]
[PlyCount "78"]
[EventDate "2018.11.11"]
[WhiteTeam "Celtic Tigers 1"]
[BlackTeam "Chess.com Manx Liberty 1"]

1. e4 e5 2. Nf3 Nc6 3. Bb5 a6 4. Ba4 d6 5. c3 Bd7 6. d4 g6 7. O-O Bg7 8. d5
Nce7 9. c4 b5 10. Bb3 h6 11. Re1 Nf6 12. Bd2 O-O 13. Ba5 Qb8 14. c5 c6 15. a3
Re8 16. cxd6 Qxd6 17. Bc7 Qxc7 18. d6 Qb6 19. Nxe5 Ned5 20. exd5 c5 21. Nxd7
Nxd7 22. Nc3 c4 23. Bc2 Qxd6 24. a4 b4 25. Ne4 Qe5 26. Qd2 b3 27. Nc3 Qd4 28.
Qxd4 Bxd4 29. Be4 Nc5 30. Bf3 Nd3 31. Rxe8+ Rxe8 32. Ne4 Bxb2 33. Rd1 Bc1 34.
d6 Rd8 35. Nc3 Rxd6 36. Bd5 Bb2 37. Bxc4 Bxc3 38. Bxd3 b2 39. Kf1 Rxd3 0-1

[Event "4NCL Division 1b"]
[Site "Daventry, ENG"]
[Date "2018.11.11"]
[Round "2.54"]
[White "Galyas, Miklos"]
[Black "Skulte, Christopher"]
[Result "1-0"]
[WhiteElo "2495"]
[BlackElo "2110"]
[PlyCount "83"]
[EventDate "2018.11.11"]
[WhiteTeam "Chess.com Manx Liberty 1"]
[BlackTeam "Celtic Tigers 1"]

1. d4 d5 2. Bf4 Nf6 3. e3 e6 4. Nd2 c5 5. c3 Nc6 6. Ngf3 Nh5 7. Bg5 Be7 8. Bxe7
Qxe7 9. Bb5 Bd7 10. Bxc6 Bxc6 11. Ne5 g6 12. Nxc6 bxc6 13. Qa4 Rc8 14. O-O O-O
15. Qa3 Qb7 16. Nb3 c4 17. Nc5 Qe7 18. b3 Nf6 19. Qa5 cxb3 20. axb3 Rc7 21. Ra4
Ne8 22. Na6 Rb7 23. Nb4 Rb5 24. Qxa7 Qxa7 25. Rxa7 c5 26. Nd3 cxd4 27. cxd4 Nd6
28. b4 Rc8 29. Rd7 Rc3 30. Ne5 Rb6 31. h3 Rc8 32. Ra1 Rcb8 33. b5 R8b7 34. Ra6
Rxa6 35. bxa6 Rxd7 36. Nxd7 Nc8 37. g4 f5 38. g5 Kf7 39. Kg2 Ke7 40. Nf6 h5 41.
Kg3 Na7 42. Kh4 1-0

[Event "4NCL Division 1b"]
[Site "Daventry, ENG"]
[Date "2018.11.11"]
[Round "2.55"]
[White "Quinn, John M"]
[Black "Cioara, Andrei-Nestor"]
[Result "0-1"]
[WhiteElo "2163"]
[BlackElo "2427"]
[PlyCount "84"]
[EventDate "2018.11.11"]
[WhiteTeam "Celtic Tigers 1"]
[BlackTeam "Chess.com Manx Liberty 1"]

1. d4 Nf6 2. c4 e6 3. Nc3 Bb4 4. Qc2 O-O 5. Nf3 d5 6. a3 Bxc3+ 7. Qxc3 dxc4 8.
Qxc4 b6 9. Bg5 Ba6 10. Qa4 h6 11. Bxf6 Qxf6 12. g3 c5 13. Bg2 Bb7 14. Rd1 Bc6
15. Qc4 Nd7 16. O-O Rac8 17. Rd2 Bxf3 18. exf3 cxd4 19. Qxd4 Ne5 20. Qb4 Nxf3+
21. Bxf3 Qxf3 22. Rfd1 Rc2 23. Qd4 Rfc8 24. Qe3 Qxe3 25. fxe3 g5 26. g4 Kg7 27.
Kg2 a5 28. Kf3 Kf6 29. h3 Ke5 30. a4 R8c4 31. b3 Rxd2 32. Rxd2 Rc3 33. Rb2 f5
34. gxf5 exf5 35. b4 f4 36. bxa5 Rxe3+ 37. Kg2 bxa5 38. Rb5+ Ke4 39. Rxa5 Re2+
40. Kg1 Kf3 41. Rb5 Kg3 42. Rb3+ f3 0-1

[Event "4NCL Division 1b"]
[Site "Daventry, ENG"]
[Date "2018.11.11"]
[Round "2.56"]
[White "Bulmaga, Irina"]
[Black "Pedersen, Carsten"]
[Result "1-0"]
[WhiteElo "2386"]
[BlackElo "2130"]
[PlyCount "103"]
[EventDate "2018.11.11"]
[WhiteTeam "Chess.com Manx Liberty 1"]
[BlackTeam "Celtic Tigers 1"]

1. e4 e6 2. d4 d5 3. Nc3 Nf6 4. Bg5 Be7 5. e5 Nfd7 6. Bxe7 Qxe7 7. f4 a6 8. Nf3
Nb6 9. Qd2 Bd7 10. Bd3 c5 11. dxc5 Qxc5 12. O-O-O Nc6 13. Rhe1 h6 14. Kb1 O-O-O
15. a3 Kb8 16. g4 Rc8 17. Qe2 Na5 18. Qe3 Qxe3 19. Rxe3 h5 20. g5 g6 21. Nd4
Rc7 22. Na2 Nc6 23. Nf3 Na7 24. Nd4 Nc6 25. Nf3 Na7 26. b3 Bb5 27. Bxb5 Nxb5
28. Kb2 Rhc8 29. Rd2 Rc4 30. a4 Nxa4+ 31. bxa4 Rxa4 32. Nc1 Rb4+ 33. Rb3 Rxf4
34. Ne2 Re4 35. Ned4 Nxd4 36. Rxd4 Rc4 37. Rbd3 b5 38. c3 Re2+ 39. Rd2 Re3 40.
Rxc4 dxc4 41. Nd4 Kc8 42. Rf2 Rxe5 43. h4 Re4 44. Rxf7 Rxh4 45. Ka3 e5 46. Nc6
Rf4 47. Re7 a5 48. Nxa5 h4 49. Kb4 h3 50. Kc5 h2 51. Kd6 h1=Q 52. Re8# 1-0

[Event "4NCL Division 1b"]
[Site "Daventry, ENG"]
[Date "2018.11.11"]
[Round "2.61"]
[White "Batchelor, Peter J"]
[Black "Gormally, Daniel W"]
[Result "0-1"]
[WhiteElo "2324"]
[BlackElo "2483"]
[PlyCount "54"]
[EventDate "2018.11.11"]
[WhiteTeam "Grantham Sharks 1"]
[BlackTeam "Blackthorne Russia"]

1. Nf3 Nf6 2. d4 e6 3. c4 d5 4. g3 dxc4 5. Bg2 Nbd7 6. O-O c6 7. Qc2 b5 8. e4
Bb7 9. Nc3 Be7 10. Bg5 h6 11. Bd2 O-O 12. Rad1 Re8 13. Rfe1 Qb6 14. h4 e5 15.
dxe5 Ng4 16. Bf4 Nc5 17. e6 Nxe6 18. Bd6 Nc5 19. Bh3 Nd3 20. Bxg4 Bxd6 21. e5
Bxe5 22. Nxe5 Nxe5 23. Be2 c5 24. f4 Nd3 25. Rf1 Re3 26. Kh2 b4 27. Na4 Qg6 0-1